Abeceda prežitia manažéra introverta

Ak máte proaktívny tím, extrovertný líder ho môže ľahko zničiť.

Gespeichert in:
Bibliographische Detailangaben
1. Verfasser: Múčka, František
Format: Buchkapitel
Sprache:Slowakisch
Schlagworte:
Tags: Tag hinzufügen
Keine Tags, Fügen Sie das erste Tag hinzu!

MARC

LEADER 00000naa a2200000 4500
001 0150723
005 20231113075627.3
041 0 |a slo 
044 |a SK 
245 1 0 |a Abeceda prežitia manažéra introverta  |c František Múčka 
520 |a Ak máte proaktívny tím, extrovertný líder ho môže ľahko zničiť. 
610 2 0 |a manažéri 
610 2 0 |a lídri 
610 2 0 |a psychológia 
610 2 0 |a psychológia riadenia 
610 2 0 |a úspech pracovný 
100 1 |a Múčka, František